LIBRARY & INFORMATION CENTRE, KCAET, TAVANUR

ONLINE PUBLIC ACCESS CATALOGUE (OPAC)

Do dhara / (Record no. 8235)

MARC details
000 -LEADER
fixed length control field 00458cam a2200193ua 4500
041 ## - LANGUAGE CODE
Language code of text/sound track or separate title hin
082 ## - DEWEY DECIMAL CLASSIFICATION NUMBER
Classification number 891.54
Item number UPE/DO
100 ## - MAIN ENTRY--AUTHOR NAME
Personal name Upendra Nath, Ashk .
245 ## - TITLE STATEMENT
Title Do dhara /
250 ## - EDITION STATEMENT
Edition statement 2 /
260 ## - PUBLICATION, DISTRIBUTION, ETC. (IMPRINT)
Place of publication Prayag :
Name of publisher Neelab Prakashan ,
Year of publication 1954.
300 ## - PHYSICAL DESCRIPTION
Number of Pages 258 ; .
700 1# - ADDED ENTRY--PERSONAL NAME
Personal name Kousalya, Ashk .
942 ## - ADDED ENTRY ELEMENTS (KOHA)
Koha item type Books
Holdings
Withdrawn status Lost status Damaged status Home library Current library Date acquired Full call number Accession Number Koha item type Public note
Withdrawn     KAUAET Sanskrit University 07/04/2012 891.54 6343 Books Transferred to Sanskrit University
free website counter